000 00824nab a2200241 uc4500
001 710866
005 20240621085823.0
008 011205s1999 spa
035 _a710866
035 _a(OCoLC)819926770
040 _ccomduadb
041 _aspa
100 1 0 _aDueñas Sanchez, Henry
_4aut
_eaut
_9512840
245 1 0 _aInvestigacion y Universidad en Colombia
650 _aUniversidad e industria
_951978
650 _aUniversidad e investigación
_98482
650 _aGestión de tecnología
_9125635
650 7 _aCambio cultural
_2lemb
_92234
650 7 _aCiencia y tecnología
_2lemb
_944988
650 7 _aInnovaciones tecnológicas
_2lemb
_94465
773 0 _tRevista Universidad Católica de Oriente (Rionegro)
_gVolumen 09, Número 12, 1999, p. 35-42
_w184558
_x0121-1463
_088099
942 _cARIMP
999 _c220995
_d220995